000 00468nam a2200181Ia 4500
001 24736
005 20260414151103.0
008 260414t2003||||xx |||||||||||||| ||spa||
041 _aESP
082 _a345.73
_bJ94
100 _aJusticia Viva
_eAUT
245 0 _aCambios en el sistema de justicia :
_bentre la expectativa y la incertidumbre
260 _c2003
300 _a191 páginas :
_c27 cm.
650 _aDER
654 _aCDE
942 _cLIB
_dJUS
_fJUS
_2ddc
_n
999 _c24736
_d24736